000 00431nmm a2200157Ia 4500
008 251105s9999||||xx |||||||||||||||||und||
041 _aspa
100 _aMian Mian
245 0 _aCaramelos
264 _a[Madrid, España] :
_bLa Factoría de Ideas,
_c2011
300 _a288 páginas
490 _aLínea Maestra
650 _aScience fiction & Fantasy
856 _uhttps://public.digitaliapublishing.com/a/25503
942 _cCF
999 _c99845
_d99845